Philosophy of language: a contemporary introduction
Збережено в:
| Автор: | |
|---|---|
| Формат: | Книга |
| Мова: | Англійська |
| Опубліковано: |
Londres
Routledge
2000
|
| Серія: | Routledge Contemporary Introductions to Philosophy
|
| Предмети: | |
| Теги: |
Додати тег
Немає тегів, Будьте першим, хто поставить тег для цього запису!
|
MARC
| LEADER | 00000nam a2200000 a 4500 | ||
|---|---|---|---|
| 001 | UCN0460 | ||
| 003 | CL-VaPUC | ||
| 008 | 010323e20000000UK |||||||||||||||||eng|d | ||
| 082 | 0 | 4 | |a 401 |b LYC |2 21 |
| 100 | |a Lycan, William G. |e autor |9 455709 | ||
| 245 | 1 | 0 | |a Philosophy of language: a contemporary introduction |
| 300 | |a 243 p | ||
| 942 | |c BK | ||
| 945 | |d 20010323 00:00:00 |a vberengu | ||
| 260 | |a Londres |b Routledge |c 2000 | ||
| 650 | 0 | |a Lingüística |9 265068 | |
| 650 | 0 | |a Filosofía del lenguaje |9 257082 | |
| 650 | 0 | |a Semántica |9 265318 | |
| 650 | 0 | |a Lenguaje y lenguas |9 265846 | |
| 583 | |a last modification |c 20010323 00:00:00 |k Rodrigo Vera | ||
| 490 | 0 | |a Routledge Contemporary Introductions to Philosophy | |
| 999 | |c 294208 |d 294206 | ||
| 952 | |0 0 |1 0 |4 0 |6 401_000000000000000_LYC_2000 |7 0 |8 A |9 346185 |a FDOPOS |b FDOPOS |d 2019-11-20 |i 3701069 |o 401 LYC 2000 |p 3701069 |r 2025-01-22 |w 2019-11-20 |y BK |k MLA | ||